[Event "Politiken Cup 37th"]
[Site "Helsingor"]
[Date "2015.07.27"]
[Round "4"]
[White "Fjellengen, Bard"]
[Black "Molin, Claus"]
[Result "1/2-1/2"]
[WhiteElo "1749"]
[BlackElo "1990"]
[PlyCount "61"]
[EventDate "2015.07.25"]
[EventType "swiss"]
[EventRounds "10"]
[EventCountry "DEN"]
[SourceTitle "CBM 167 Extra"]
[Source "ChessBase"]
[SourceDate "2015.09.14"]
[SourceVersion "1"]
[SourceVersionDate "2015.09.14"]
[SourceQuality "1"]

1. d4 Nf6 2. c4 e6 3. a3 c5 4. e3 b6 5. Nf3 Bb7 6. Be2 Ne4 7. 0-0 Be7 8. Nbd2 f5 9. dxc5 bxc5 10. Qb3 Qb6 11. Qxb6 axb6 12. Nxe4 Bxe4 13. Ne1 Bf6 14. f3 Bb7 15. Rb1 Nc6 16. Nc2 0-0 17. b4 cxb4 18. Nxb4 Rfb8 19. Rd1 Nxb4 20. axb4 Ra2 21. Bf1 Bc8 22. Rd2 Rba8 23. Rxa2 Rxa2 24. c5 Bb7 25. Bb5 bxc5 26. Bxd7 Bd5 27. bxc5 Kf7 28. c6 Rc2 29. Ba3 Bxc6 30. Bxc6 Rxc6 31. Re1 1/2-1/2

[Event "Politiken Cup 36th"]
[Site "Helsingor"]
[Date "2014.07.22"]
[Round "3"]
[White "Thaler, Matthias"]
[Black "Molin, Claus"]
[Result "1-0"]
[WhiteElo "2199"]
[BlackElo "2002"]
[PlyCount "41"]
[EventDate "2014.07.21"]
[EventType "swiss"]
[EventRounds "10"]
[EventCountry "DEN"]
[SourceTitle "CBM 161 Extra"]
[Source "ChessBase"]
[SourceDate "2014.08.29"]
[SourceVersion "1"]
[SourceVersionDate "2014.08.29"]
[SourceQuality "1"]

1. d4 Nf6 2. Bf4 e6 3. e3 d5 4. Nf3 c5 5. Nbd2 Nc6 6. c3 Be7 7. Ne5 0-0 8. Bd3 Bd7 9. Qf3 Ne8 10. Qh3 f5 11. g4 g6 12. Ndf3 Bf6 13. Rg1 Qe7 14. gxf5 exf5 15. Nxd7 Qxd7 16. Bxf5 Qe7 17. Bxg6 hxg6 18. Rxg6+ Ng7 19. 0-0-0 Rad8 20. Rdg1 Rd7 21. Bg5 1-0

[Event "Politiken Cup 36th"]
[Site "Helsingor"]
[Date "2014.07.21"]
[Round "1"]
[White "Negi, Parimarjan"]
[Black "Molin, Claus"]
[Result "1-0"]
[WhiteElo "2645"]
[BlackElo "2002"]
[PlyCount "75"]
[EventDate "2014.07.21"]
[EventType "swiss"]
[EventRounds "10"]
[EventCountry "DEN"]
[SourceTitle "CBM 161 Extra"]
[Source "ChessBase"]
[SourceDate "2014.08.29"]
[SourceVersion "1"]
[SourceVersionDate "2014.08.29"]
[SourceQuality "1"]

1. e4 e5 2. Nf3 Nc6 3. d4 exd4 4. Nxd4 Qf6 5. Nb5 Bb4+ 6. Bd2 Bc5 7. Qf3 Qxf3 8. gxf3 Bb6 9. Rg1 a6 10. N5a3 Nge7 11. Nc4 Bd4 12. Nc3 d6 13. Ne3 Bd7 14. Ncd5 0-0-0 15. c3 Bxe3 16. Nxe3 g6 17. 0-0-0 f5 18. Nc2 Ne5 19. Rg3 Bb5 20. Bg5 Rde8 21. f4 Nd7 22. Bxb5 axb5 23. Bxe7 Rxe7 24. exf5 gxf5 25. Nd4 Rf8 26. Nxb5 Re4 27. Rg7 Rxf4 28. Rxh7 Rxf2 29. Re1 Rg8 30. Rg7 Rd8 31. h4 Ne5 32. Rxc7+ Kb8 33. Rd1 d5 34. Rg7 Nc4 35. b3 Ne3 36. Rdg1 Rxa2 37. Rd7 Rc8 38. Rgg7 1-0

[Event "Politiken Cup 35th"]
[Site "Helsingor"]
[Date "2013.07.28"]
[Round "2"]
[White "Molin, Claus"]
[Black "Madison, Sigurd"]
[Result "1-0"]
[WhiteElo "1982"]
[BlackElo "1792"]
[PlyCount "74"]
[EventDate "2013.07.27"]
[EventType "swiss"]
[EventRounds "10"]
[EventCountry "DEN"]
[SourceTitle "CBM 155 Extra"]
[Source "ChessBase"]
[SourceDate "2013.08.26"]
[SourceVersion "1"]
[SourceVersionDate "2013.08.26"]
[SourceQuality "1"]

1. Nf3 d5 2. d4 Nf6 3. c4 c6 4. Nc3 Nbd7 5. cxd5 cxd5 6. Bf4 e6 7. Qa4 Be7 8. Nb5 0-0 9. Bc7 Qe8 10. Qb3 Ne4 11. e3 Ndf6 12. Bd3 Bd7 13. 0-0 a6 14. Nc3 Nxc3 15. bxc3 b5 16. Nd2 Rc8 17. Be5 Ng4 18. Bg3 f5 19. Rae1 h5 20. f3 Nxe3 21. Rxe3 f4 22. Bxf4 Rxf4 23. Qc2 Rf6 24. f4 Qf7 25. Nf3 Rxf4 26. Ne5 Rxf1+ 27. Bxf1 Qf4 28. Rf3 Qe4 29. Qd2 Be8 30. Bd3 Qh4 31. Bc2 Bg5 32. Qe2 b4 33. g3 Qh3 34. Qd3 g6 35. cxb4 Rxc2 36. Qxc2 h4 37. Qc8 Qxg3+ 1-0

[Event "Politiken Cup 34th"]
[Site "Helsingor"]
[Date "2012.07.30"]
[Round "4"]
[White "Stojanovski, Sandi"]
[Black "Molin, Claus"]
[Result "1-0"]
[WhiteElo "2191"]
[BlackElo "1993"]
[PlyCount "53"]
[EventDate "2012.07.28"]
[EventType "swiss"]
[EventRounds "10"]
[EventCountry "DEN"]
[SourceTitle "CBM 149 Extra"]
[Source "ChessBase"]
[SourceDate "2012.08.24"]
[SourceVersion "1"]
[SourceVersionDate "2012.08.24"]
[SourceQuality "1"]

1. d4 Nf6 2. c4 g6 3. Nc3 Bg7 4. e4 0-0 5. Nf3 d6 6. Be2 e5 7. 0-0 Nc6 8. d5 Ne7 9. Ne1 Nd7 10. Nd3 f5 11. f3 Nf6 12. Bd2 Kh8 13. c5 Rf7 14. Rc1 Ne8 15. f4 fxe4 16. Nxe4 Nxd5 17. fxe5 Re7 18. Bg5 dxe5 19. Nb4 c6 20. Nxd5 cxd5 21. Rf7 Rxf7 22. Bxd8 dxe4 23. Bb5 Bg4 24. Qd5 Rf8 25. Be7 Rg8 26. Bc4 Nf6 27. Qd6 1-0

[Event "Politiken Cup 34th"]
[Site "Helsingor"]
[Date "2012.07.29"]
[Round "2"]
[White "Andersen, Morten"]
[Black "Molin, Claus"]
[Result "1/2-1/2"]
[WhiteElo "2181"]
[BlackElo "1993"]
[PlyCount "59"]
[EventDate "2012.07.28"]
[EventType "swiss"]
[EventRounds "10"]
[EventCountry "DEN"]
[SourceTitle "CBM 149 Extra"]
[Source "ChessBase"]
[SourceDate "2012.08.24"]
[SourceVersion "1"]
[SourceVersionDate "2012.08.24"]
[SourceQuality "1"]

1. c4 Nf6 2. g3 g6 3. Nc3 Bg7 4. Bg2 0-0 5. e4 d6 6. Nge2 c5 7. 0-0 Nc6 8. d3 Ne8 9. Be3 Nd4 10. Rb1 a5 11. b3 Nc7 12. h3 Nce6 13. f4 Nxe2+ 14. Nxe2 Nd4 15. f5 e6 16. g4 Qh4 17. Nxd4 cxd4 18. Bd2 Be5 19. Qe1 Qxe1 20. Bxe1 g5 21. Bd2 h6 22. Rf3 Kh7 23. Kf2 Bd7 24. a4 exf5 25. gxf5 f6 26. Ke2 Rg8 27. Rh1 b6 28. Rff1 Be8 29. Bf3 h5 30. Rfg1 1/2-1/2

[Event "DEN-ch G7-1"]
[Site "Helsingor"]
[Date "2012.04.07"]
[Round "5"]
[White "Christensen, Casper"]
[Black "Molin, Claus"]
[Result "0-1"]
[WhiteElo "1940"]
[BlackElo "2021"]
[PlyCount "148"]
[EventDate "2012.04.03"]
[EventType "swiss"]
[EventRounds "7"]
[EventCountry "DEN"]
[SourceTitle "EXT 2018"]
[Source "ChessBase"]
[SourceDate "2017.10.13"]
[SourceVersion "1"]
[SourceVersionDate "2017.10.13"]
[SourceQuality "1"]

1. e4 c5 2. Nf3 e6 3. d4 cxd4 4. Nxd4 a6 5. a4 Qc7 6. Be3 Nf6 7. Nd2 d5 8. Bd3 e5 9. Ne2 Be6 10. c3 Nc6 11. exd5 Bxd5 12. f3 Be6 13. 0-0 Be7 14. Rc1 Nd5 15. Bf2 Bg5 16. Qc2 Ne3 17. Bxe3 Bxe3+ 18. Kh1 Na5 19. Rcd1 Rc8 20. Bf5 Bxf5 21. Qxf5 0-0 22. Qe4 Bxd2 23. Rxd2 Nc4 24. Rdd1 f5 25. Qd3 Rcd8 26. Qb1 Nd2 27. Qa2+ Qf7 28. Qxf7+ Kxf7 29. Rfe1 Kf6 30. f4 e4 31. Nd4 Nc4 32. b3 Nb2 33. Rd2 Nd3 34. Rf1 Rf7 35. Nc2 Rfd7 36. Kg1 Nc5 37. Rxd7 Rxd7 38. Nd4 Nd3 39. g3 Rc7 40. Ne2 h6 41. h4 g6 42. Kg2 Rc8 43. Rb1 Nc5 44. Kf2 Rd8 45. Nd4 Ne6 46. Nxe6 Kxe6 47. c4 Rd2+ 48. Kf1 Rd3 49. Kf2 Rf3+ 50. Kg2 Rc3 51. Kf2 h5 52. c5 Rxc5 53. Rb2 Rc3 54. b4 Rf3+ 55. Kg2 Ra3 56. a5 Rc3 57. b5 Kd5 58. bxa6 bxa6 59. Rb8 Rc5 60. Rg8 Rc6 61. Kf2 Kc5 62. Rb8 Kd5 63. Rg8 Rc2+ 64. Ke3 Rc3+ 65. Kf2 Ra3 66. Rxg6 Rxa5 67. Rg5 Kd4 68. Rxh5 Ra2+ 69. Kf1 Ke3 70. Rxf5 Kf3 71. Kg1 e3 72. Rc5 Ra1+ 73. Kh2 e2 74. Rc3+ Kg4 0-1

[Event "DEN-chT 0809"]
[Site "Denmark"]
[Date "2009.03.21"]
[Round "8.8"]
[White "Rathlev, Jakob"]
[Black "Molin, Claus"]
[Result "1-0"]
[WhiteElo "2172"]
[BlackElo "2003"]
[PlyCount "71"]
[EventDate "2008.11.01"]
[EventType "team-tourn"]
[EventRounds "9"]
[EventCountry "DEN"]
[SourceTitle "EXT 2023"]
[Source "ChessBase"]
[SourceDate "2022.10.05"]
[SourceVersion "1"]
[SourceVersionDate "2022.10.05"]
[SourceQuality "1"]
[WhiteTeam "Jetsmark"]
[BlackTeam "Helsingor"]
[WhiteTeamCountry "DEN"]
[BlackTeamCountry "DEN"]

1. c4 g6 2. g3 Bg7 3. Bg2 c5 4. Nc3 Nc6 5. e4 d6 6. Nge2 e5 7. 0-0 Nge7 8. a3 0-0 9. Rb1 Be6 10. Nd5 Nd4 11. Nxd4 cxd4 12. d3 Qd7 13. b4 Rac8 14. a4 Kh8 15. a5 f5 16. Nxe7 Qxe7 17. exf5 gxf5 18. f4 e4 19. dxe4 Rxc4 20. Re1 Qd7 21. Bf1 Rc7 22. Bd3 fxe4 23. Bxe4 d5 24. Bd3 Rc3 25. Bb2 Rxd3 26. Qxd3 Bf5 27. Qd2 Bxb1 28. Rxb1 Re8 29. Bxd4 Re4 30. Bxa7 Qe6 31. Bf2 d4 32. Rc1 Bf6 33. Qd3 Qd5 34. b5 Re6 35. Rc8+ Kg7 36. Rc7+ 1-0

[Event "DEN-chT 0809"]
[Site "Denmark"]
[Date "2009.02.22"]
[Round "7.8"]
[White "Dragicevic, Drazen"]
[Black "Molin, Claus"]
[Result "1-0"]
[WhiteElo "2181"]
[BlackElo "2003"]
[PlyCount "65"]
[EventDate "2008.11.01"]
[EventType "team-tourn"]
[EventRounds "9"]
[EventCountry "DEN"]
[SourceTitle "EXT 2023"]
[Source "ChessBase"]
[SourceDate "2022.10.05"]
[SourceVersion "1"]
[SourceVersionDate "2022.10.05"]
[SourceQuality "1"]
[WhiteTeam "Helsinge"]
[BlackTeam "Helsingor"]
[WhiteTeamCountry "DEN"]
[BlackTeamCountry "DEN"]

1. e4 e5 2. Nf3 Nc6 3. Bb5 a6 4. Ba4 Nf6 5. d3 d6 6. c3 Be7 7. 0-0 0-0 8. Re1 b5 9. Bc2 Re8 10. a4 Bb7 11. Na3 Nb8 12. d4 Nbd7 13. Bg5 c6 14. Qd3 d5 15. Nxe5 Nxe5 16. dxe5 Nxe4 17. Bxe7 Qxe7 18. f3 Qc5+ 19. Re3 Rxe5 20. Qd4 Qe7 21. fxe4 f5 22. b4 fxe4 23. Rf1 Re8 24. Nb1 Bc8 25. Nd2 Qd6 26. Nxe4 Qe7 27. axb5 axb5 28. Ref3 dxe4 29. Bb3+ Be6 30. Qxe5 exf3 31. Re1 Qf7 32. gxf3 Qg6+ 33. Kh1 1-0

[Event "DEN-chT 0809"]
[Site "Denmark"]
[Date "2008.11.02"]
[Round "2.7"]
[White "Nielsen, Jorgen Grotum"]
[Black "Molin, Claus"]
[Result "1-0"]
[WhiteElo "2159"]
[BlackElo "2003"]
[PlyCount "41"]
[EventDate "2008.11.01"]
[EventType "team-tourn"]
[EventRounds "9"]
[EventCountry "DEN"]
[SourceTitle "EXT 2023"]
[Source "ChessBase"]
[SourceDate "2022.10.05"]
[SourceVersion "1"]
[SourceVersionDate "2022.10.05"]
[SourceQuality "1"]
[WhiteTeam "Aalborg"]
[BlackTeam "Helsingor"]
[WhiteTeamCountry "DEN"]
[BlackTeamCountry "DEN"]

1. d4 Nf6 2. c4 g6 3. Nc3 Bg7 4. e4 0-0 5. Be3 d6 6. h3 e5 7. d5 Na6 8. Bd3 Nh5 9. Nge2 f5 10. exf5 gxf5 11. g4 f4 12. Bd2 Nc5 13. Bc2 e4 14. Nxe4 Nxe4 15. Bxe4 Qe7 16. Bf3 Ng3 17. fxg3 fxg3 18. 0-0 Qh4 19. Kg2 Rxf3 20. Rxf3 Bxg4 21. Rxg3 1-0

[Event "DEN-chT 0708"]
[Site "Denmark"]
[Date "2008.04.12"]
[Round "8.7"]
[White "Bekker Jensen, David"]
[Black "Molin, Claus"]
[Result "1-0"]
[WhiteElo "2320"]
[BlackElo "1973"]
[PlyCount "51"]
[EventDate "2007.11.10"]
[EventType "team-tourn"]
[EventRounds "9"]
[EventCountry "DEN"]
[SourceTitle "EXT 2023"]
[Source "ChessBase"]
[SourceDate "2022.10.05"]
[SourceVersion "1"]
[SourceVersionDate "2022.10.05"]
[SourceQuality "1"]
[WhiteTeam "Helsinge"]
[BlackTeam "Helsingor"]
[WhiteTeamCountry "DEN"]
[BlackTeamCountry "DEN"]

1. d4 Nf6 2. c4 e6 3. Nc3 d5 4. cxd5 exd5 5. Bg5 Be7 6. e3 0-0 7. Bd3 Re8 8. Qc2 h6 9. Bf4 Nc6 10. a3 Bd6 11. Bxd6 Qxd6 12. Nge2 a6 13. h3 Nd8 14. b4 Ne6 15. 0-0 Ng5 16. Nf4 c6 17. Rfe1 Nge4 18. f3 Nxc3 19. Qxc3 Be6 20. Qd2 Qd7 21. g4 Re7 22. Kh1 Rae8 23. Rg1 g5 24. Ne2 Bxg4 25. hxg4 Rxe3 26. Raf1 1-0

[Event "DEN-chT 0708"]
[Site "Denmark"]
[Date "2008.01.13"]
[Round "5.8"]
[White "Molin, Claus"]
[Black "Rendboe, John Filip"]
[Result "1-0"]
[WhiteElo "1973"]
[BlackElo "2251"]
[PlyCount "87"]
[EventDate "2007.11.10"]
[EventType "team-tourn"]
[EventRounds "9"]
[EventCountry "DEN"]
[SourceTitle "EXT 2023"]
[Source "ChessBase"]
[SourceDate "2022.10.05"]
[SourceVersion "1"]
[SourceVersionDate "2022.10.05"]
[SourceQuality "1"]
[WhiteTeam "Helsingor"]
[BlackTeam "Aarhus/Skolerne"]
[WhiteTeamCountry "DEN"]
[BlackTeamCountry "DEN"]

1. d4 d5 2. c4 e6 3. Nc3 Be7 4. Nf3 Nf6 5. Bf4 0-0 6. Rc1 c5 7. dxc5 Bxc5 8. e3 b6 9. cxd5 exd5 10. Bb5 Bg4 11. 0-0 a6 12. Ba4 Ra7 13. a3 Rb7 14. b4 Be7 15. h3 Bh5 16. Bb3 a5 17. Nxd5 Nxd5 18. Qxd5 Qxd5 19. Bxd5 Ra7 20. Nd4 axb4 21. Bxb8 Rxb8 22. Nc6 Rab7 23. Nxb8 Rxb8 24. axb4 Bxb4 25. g4 Bg6 26. e4 Bc5 27. Ra1 h5 28. Ra8 Rxa8 29. Bxa8 Kf8 30. Kg2 hxg4 31. hxg4 f6 32. Bc6 Ke7 33. Rd1 Bd6 34. Rb1 Bc7 35. Kf3 Bf7 36. Ke3 g5 37. f3 Bf4+ 38. Kd3 Bc7 39. Rh1 Be6 40. Rh7+ Kd6 41. Bd5 Bd7 42. f4 gxf4 43. g5 Bb5+ 44. Kd4 1-0

[Event "Proville op 4th"]
[Site "Proville"]
[Date "2007.06.30"]
[Round "4"]
[White "Franc, Emmanuel"]
[Black "Molin, Claus"]
[Result "1-0"]
[WhiteElo "2097"]
[BlackElo "2111"]
[PlyCount "31"]
[EventDate "2007.06.29"]
[EventType "swiss"]
[EventRounds "7"]
[EventCountry "FRA"]
[SourceTitle "CBM 119 Extra"]
[Source "ChessBase"]
[SourceDate "2007.09.04"]
[SourceVersion "1"]
[SourceVersionDate "2007.09.04"]
[SourceQuality "1"]

1. e4 c5 2. Nf3 Nc6 3. d4 cxd4 4. Nxd4 e6 5. Nc3 a6 6. Be3 Nf6 7. Nxc6 bxc6 8. e5 Nd5 9. Nxd5 cxd5 10. Bd3 d6 11. f4 Bb7 12. c3 g6 13. 0-0 dxe5 14. fxe5 Bg7 15. Qa4+ Kf8 16. Qb4+ 1-0